000 01855 a2200217 4500
001 54400
005 20260407155817.0
008 260407a1983 arg spa d
003 AR-UNSa-BCEJYS
040 _aAR-UNSa-BCEJYS
_bspa
_cAR-UNSa-BCEJYS
080 _a321
_xFormas de la organización política. Los estados como poderes políticos
245 1 0 _aPartidos políticos
_pteoría general y régimen legal
020 _a950-14-0133-2
250 _a4a. ed.
264 1 _aBuenos Aires :
_bDepalma
_c1983
300 _a196 p.
_c23 cm.
505 _aI. Los partidos políticos como tema de la ciencia política - II. Los partidos como hecho social constante - III. Relación genética entre los partidos políticos y el régimen democrático representativo - IV. Noción de partido político y posibilidad de una teoría general - V. Clasificaciones de los partidos políticos - VI. Funciones propias y rasgos característicos de los partidos políticos - VII. Defectos,desviaciones y desnaturalización de los partidos políticos - VIII. Temas para una teoría general de los partidos políticos: Organización y funcionamiento,dirigentes,miembros,doctrinas y programas,disciplina partidaria,luchas y colaboraciones,etc. - IX. Reglamentación legal de los partidos políticos.Principios generales - X. La reglamentación legal de los partidos políticos en la República Argentina - XI. La ley orgánica de los partidos políticos (N° 16.652) - XII. La "Revolución Argentina" frente a los partidos políticos - XIII. La Ley 19.106,el gobierno del 25 de Mayo de 1973 al 24 de Marzo de 1976,el "proceso de reorganización nacional" y los partidos políticos - XIV. La ley orgánica de los partidos políticos promulgada el 26 de Agosto de 1982 (N° 22.627)
942 _cBK
590 _aniveau_biblio:m niveau_hierar:0
100 1 _aLópez, Mario Justo
999 _c5557
_d5557